000 00618nam a22001697a 4500
020 _qHard Cover.
082 _a200
100 _aUsman, wajeeha
245 _aFabrication and Characterization of ZnTe Based Thin Films by Closed Space Sublimation (CSS) Technique /
_cWajeeha Usman.
260 _aIslamabad:
_bSCME - NUST,
_c2013.
300 _a91 p. :
_bill. ;
_c30cm.
650 _aMS-Materials Engineering
_9129142
700 _aSupervisor: Dr. Asghari Maqsood
_9129454
856 _uhttp://10.250.8.41:8080/xmlui/handle/123456789/51753
942 _2ddc
_cSC
999 _c534429
_d534429